| 000 | 00983nam a22002777a 4500 | ||
|---|---|---|---|
| 999 |
_c21550 _d21550 |
||
| 003 | AR-CdUCM | ||
| 008 | 190312b ||||| |||| 00| 0 spa d | ||
| 020 | _a9786123170509 | ||
| 040 |
_aMUNICIPALIDAD PROVINCIAL DEL CUSCO _cBIBLIOTECA MUNICIPAL DEL CUSCO |
||
| 082 |
_a303.625/C73 _bC73 _2segunda |
||
| 110 |
_aComisión de la Verdad y Reconciliación, CVR (Perú) _945326 |
||
| 245 |
_aYuyanapaq para recordar: _brelato visual del conflicto armado interno en el Perú, 1980-2000 / |
||
| 260 |
_aLima : _bPontificia Universidad Católica del Perú, _c2014. |
||
| 300 |
_a159 páginas. : _bilustraciones, fotografías ; _c30x24 cm. |
||
| 650 |
_aSendero Luminoso _91687 |
||
| 650 |
_aViolencia política _97220 |
||
| 650 |
_aTerrorismo _91688 |
||
| 650 |
_aFuerzas Armadas _98330 |
||
| 650 |
_aDerechos Humanos _93264 |
||
| 650 |
_aAlto Huallaga _945327 |
||
| 650 |
_aAyacucho _93896 |
||
| 650 |
_aLima _9231 |
||
| 650 |
_aPerú _945328 |
||
| 942 |
_2ddc _cLIBROS |
||
| 945 | _aRoel | ||